| 000 | 00518nam a22001817a 4500 | ||
|---|---|---|---|
| 003 | OSt | ||
| 005 | 20140310181910.0 | ||
| 008 | 130712t xxu||||| |||| 00| 0 eng d | ||
| 050 |
_aDS 675 _b.Un58 1994 |
||
| 082 |
_aTR 246.1 _bUn3 1994 |
||
| 245 |
_aThe University Prints. Series. Art history T53F / _cThe University Prints |
||
| 260 |
_aWinchester, Mass. : _bThe University Prints , _cc1994. |
||
| 300 |
_a64 p. _bill. ; _c20 cm. |
||
| 521 | _aFaculty | ||
| 541 | _j1 | ||
| 562 | _e1 | ||
| 942 |
_2lcc _cBK-TR _kTR |
||
| 999 |
_c6501 _d6501 |
||